00305nam a2200121Ia 4500008004100000100002100041245004000062260003400102300000900136650001400145942000700159999001700166190216s9999||||xx |||||||||||||| ||und|| aSarath Kumar P K 0aPanam Banking Antharashtra Vyaparam bKerala Bhasha Institutec1974 a398p aEconomics cBK c37795d37795